| 000 | 00536nam a2200205Ia 4500 | ||
|---|---|---|---|
| 003 | OSt | ||
| 005 | 20230412101433.0 | ||
| 008 | 210423s2008 xx 000 0 und d | ||
| 020 | _a- | ||
| 040 | _cAL | ||
| 041 | _aeng | ||
| 082 |
_a420.02 MULN _223 |
||
| 100 |
_aMULLICK (Neeraj). _986268 |
||
| 245 | _aSurya UGC/JRF/SLET english: paper II and III. | ||
| 260 |
_aMeerut _bR. Lall Book Depot _c2008 |
||
| 300 |
_axvi,952 _bPB |
||
| 365 |
_b400 _cINR |
||
| 906 | _aenglish: ; III. ; paper ; Surya ; UGC/JRF/SLET | ||
| 942 |
_2ddc _cBK |
||
| 999 |
_c159084 _d159084 |
||